000
00198nam a2200109Ia 4500
100
_a
PAUL COELHO.
942
_c
BK
245
_a
FIFTH MOUNTAIN
260
_b
#N/A
546
_a
ENGLISH
999
_c
35164
_d
35164